000 00768nam a22002417a 4500
003 BUBTL
008 240313b ||||| |||| 00| 0 eng d
020 _a9789388028271
041 _aeng
082 _a336/ G3462p/ 2023
100 _95740
_aGhosh, Ambar
245 _aPublic Finance /
_c Ambar Ghosh, Chandana Ghosh
250 _a3rd ed.
260 _aDelhi :
_bPHI Learning Private Limited,
_cc2023
300 _axiv, 366 p. :
_c24 cm.
500 _aIncludes index
505 _aPublic Finance, Public Goods, Mixed Goods Externality, Principles of Tax Equity, Efficiency of Taxation, Tax Incidence
650 0 _918
_aFinance
700 _95741
_aGhosh, Chandana
856 _k0
_l0
_yDownload
942 _2ddc
_cBK
999 _c7263
_d7263